00498nam a2200193 a 4500001001300000003000900013005001700022008004100039020002300080082001600103100002500119245002500144260003600169300000900205500003500214505001000249650002000259700002500279nice12345678IN_TiNIC20260116013041.0080410s1975 newa grp 000 0 eng  a0140191682 c15000a297.4bNIC7 aNicholson, Reynold A aThe Mystics of Islam aNew DelhibPenguin Books c1975 a178p aincludes index and biblioraphy2 aIndex aIslam-Mysticism1 aNicholson, Reynold A